000 00286nam a22001337a 4500
008 180301b xxu||||| |||| 00| 0 eng d
020 _a0804717796
041 _aeng
080 _a572
100 _a24
101 _aANT
245 _aPower& difference
_cAtkinson,J.M
942 _2udc
_cBK
999 _c43845
_d43845